000 00796nam a2200265 i 4500
001 bg
003 BPK
005 20210730075143.0
008 s2001 pl a f f |000 0 pol
020 _a8390178141
040 _cBPK
080 _a692
080 _a(083.1)
100 1 _aMarkiewicz, Przemysław
_eAutor
245 1 0 _aPrezentacja nowoczesnych technologii budowlanych /
_cPrzemysław Markiewicz.
260 _aKraków :
_bArchi-Plus,
_c2001.
300 _a175 s. :
_bil. ;
_c30 cm.
490 1 _aVademecum Projektanta
504 _aBibliogr.
650 4 _aBudownictwo
655 4 _aPoradnik
830 0 _aVademecum Projektanta
942 _cKS
_2UKD
856 _uhttp://koha.tu.koszalin.pl/cgi-bin/koha/opac-detail.pl?biblionumber=39526
_yKatalog online BPK
999 _c39526
_d39526